Spracovanie súboru programov pre skupinovú výučbu študentov : Záverečná správa. Výskumná správa č. V-1/90

Gespeichert in:
Bibliographische Detailangaben
Hauptverfasser: Burger, Igor (Verfasst von), Horváth, Pavol (Verfasst von), Kotočová, Margaréta (Verfasst von), Margetin, Peter (Verfasst von), Odstrčil, Ladislav (Verfasst von), Pauer, Daniel (Verfasst von), Šafařík, Jiří, 1952- (Verfasst von)
Format: Buch
Veröffentlicht: Bratislava : SVŠT v Bratislave EF, 1990
Tags: Tag hinzufügen
Keine Tags, Fügen Sie das erste Tag hinzu!

MARC

LEADER 00000nam a22000003a 4500
001 stu235860
005 20180423112638.5
008 111010s1990----------------------------d
040 |a STU  |b slo 
041 0
100 1 |a Burger, Igor  |4 aut 
245 1 |a Spracovanie súboru programov pre skupinovú výučbu študentov :  |b Záverečná správa. Výskumná správa č. V-1/90 
260 |a Bratislava :  |b SVŠT v Bratislave EF,  |c 1990 
300 |a 71 s 
700 1 |a Horváth, Pavol  |4 aut  |u I100  |U FIIT Fakulta informatiky a informačných technológií  |T FIIT Ústav počítačových systémov a sietí  |U I100  |Y 178 
700 1 |a Kotočová, Margaréta  |4 aut  |u E220  |U FEI Fakulta elektrotechniky a informatiky  |T FEI Katedra informatiky a výpočtovej techniky  |X 2014  |U E220  |Y 69  |7 A000002014 
700 1 |a Margetin, Peter  |4 aut 
700 1 |a Odstrčil, Ladislav  |4 aut 
700 1 |a Pauer, Daniel  |4 aut 
700 1 |a Šafařík, Jiří,  |d 1952-  |4 aut  |u I200  |U FIIT Fakulta informatiky a informačných technológií  |T FIIT Ústav informatiky a softvérového inžinierstva  |X 44427  |U I200  |Y 179  |7 A000044427 
996 |b EVYSK-S-461  |c E*VYSK-S-461  |l E  |s P  |a 0  |w stu235860_0001